[Event "Ottawa RA Fall op"]
[Site "Ottawa CAN"]
[Date "2025.09.28"]
[Round "5.11"]
[White "Li, Yilin"]
[Black "Hong, Zihan"]
[Result "0-1"]
[WhiteElo "2005"]
[BlackElo "2021"]
[WhiteFideId "-1"]
[WhiteFideId "-1"]
[PlyCount "72"]
[GameId "2228654049213743"]
[EventDate "2025.09.26"]
[EventType "swiss"]
[EventRounds "5"]
[EventCountry "CAN"]

1. c4 c5 2. Nc3 Nc6 3. g3 g6 4. Bg2 Bg7 5. d3 e5 6. Nf3 Nge7 7. Nd2 d6 8. Nf1 h5 9. h4 O-O 10. Ne3 Rb8 11. Ned5 a6 12. a4 Be6 13. Bd2 Nb4 14. Nxb4 cxb4 15. Na2 a5 16. e4 f5 17. b3 f4 18. Bh3 Bxh3 19. Rxh3 Qc8 20. Rh1 fxg3 21. fxg3 Qc5 22. Qe2 Nc6 23. Nc1 Nd4 24. Qd1 Nf3+ 25. Ke2 Nd4+ 26. Ke1 Nc2+ 27. Qxc2 Qf2+ 28. Kd1 Qf3+ 29. Ne2 Qxh1+ 30. Be1 Bh6 31. c5 Rf1 32. Qc4+ Kg7 33. Kc2 Rxe1 34. Rxe1 Qxe1 35. d4 Qd2+ 36. Kb1 Rf8 0-1

[Event "Ottawa Winter op"]
[Site "Ottawa CAN"]
[Date "2025.01.17"]
[Round "1.1"]
[White "Zhu, Elber"]
[Black "Rodrigue-Lemieux, Shawn"]
[Result "0-1"]
[Annotator "hugh_"]
[WhiteElo "2060"]
[BlackElo "2628"]
[WhiteFideId "-1"]
[WhiteFideId "-1"]
[PlyCount "116"]
[GameId "2136100490826453"]
[EventDate "2025.01.17"]
[EventType "swiss"]
[EventRounds "5"]
[EventCountry "CAN"]

{[%evp 0,116,7,23,15,17,26,67,18,24,167,24,19,70,31,12,24,16,24,1,0,8,15,34,31,34,24,-7,-6,0,44,61,66,127,127,223,148,128,132,245,175,228,144,125,171,106,266,70,254,291,263,280,227,265,263,265,302,315,272,267,275,276,297,219,189,215,150,169,76,221,257,242,248,242,172,198,176,223,178,169,181,184,180,238,191,44,175,55,168,175,140,133,131,140,69,145,261,94,90,201,219,165,199,155,159,91,113,132,137,83,84,164,96,104,91,108,118,118,109]} 1. d4 d5 2. c4 e6 3. Nf3 a6 4. cxd5 exd5 5. Nc3 c6 6. Bf4 Bd6 7. Bg3 Ne7 8. e3 Nf5 9. Bd3 Nxg3 10. hxg3 g6 11. e4 dxe4 12. Nxe4 Be7 13. Bc4 Bf5 14. Qe2 Kf8 15. O-O-O Nd7 16. Ne5 Nxe5 17. dxe5 Qe8 18. g4 Bxe4 19. Qxe4 Kg7 20. Kb1 Rd8 21. f4 Bd6 22. Qe2 b5 23. exd6 bxc4 24. Qxc4 Qe6 25. Qxe6 fxe6 26. Rhe1 Kf6 27. Re5 Rd7 28. Rc5 Rc8 29. g5+ Kf7 30. Kc2 Ke8 31. Kc3 Rf7 32. g3 Kd7 33. Rd4 Rb8 34. Ra5 Rb6 35. b3 h5 36. a4 Rf8 37. b4 Rfb8 38. Re5 R6b7 39. Rc5 Rb6 40. Re5 R6b7 41. Rde4 Re8 42. Kc4 Kxd6 43. Rd4+ Kc7 44. Kc5 a5 45. b5 cxb5 46. axb5 Reb8 47. Kc4 Re8 48. Rc5+ Kb8 49. Rd6 a4 50. Ra6 h4 51. gxh4 Rf8 52. Rxa4 Rxf4+ 53. Kb3 Rf3+ 54. Kb4 Rf4+ 55. Rc4 Rf5 56. Rc5 Rf4+ 57. Rc4 Rf5 58. Ra5 Rb6 0-1

[Event "Ottawa Winter op"]
[Site "Ottawa CAN"]
[Date "2025.01.17"]
[Round "1.2"]
[White "Liang, Jason"]
[Black "Russell, Wesley"]
[Result "0-1"]
[Annotator "hugh_"]
[WhiteElo "2590"]
[BlackElo "1999"]
[WhiteFideId "-1"]
[WhiteFideId "-1"]
[PlyCount "150"]
[GameId "2136100490834646"]
[EventDate "2025.01.17"]
[EventType "swiss"]
[EventRounds "5"]
[EventCountry "CAN"]

{[%evp 0,150,16,25,24,11,16,1,11,9,9,17,12,1,13,-3,9,8,-27,5,17,-7,14,18,30,27,55,0,73,52,64,-81,51,38,42,18,-47,31,-80,19,-108,7,9,35,127,15,-29,24,37,36,-65,-14,-6,-17,8,-30,-129,-41,-40,-36,-129,-49,-64,-43,-55,-70,-36,-71,-47,-87,-65,-66,-33,-68,-37,-80,-47,-78,-25,-64,3,14,-13,-5,116,131,114,115,104,133,208,169,199,237,255,37,60,134,152,140,279,46,32,-1,1,-813,-1039,-29991,-663,-665,-701,-735,-418,-796,-671,-953,-965,-950,-757,-755,-800,-822,-833,-691,-787,-764,-718,-768,-773,-901,-679,-791,-782,-793,-817,-832,-734,-771,-898,-1099,-1150,-1360,-910,-1056,-1083,-1622,-1640,-1419,-1462,-1147,-804,-29999,-29999]} 1. c4 Nf6 2. Nf3 e6 3. g3 d5 4. Bg2 Be7 5. O-O O-O 6. b3 b6 7. Bb2 Bb7 8. e3 c5 9. Nc3 Nc6 10. cxd5 exd5 11. d4 Rc8 12. Rc1 Qd7 13. dxc5 bxc5 14. Ne2 Nd8 15. Ne5 Qd6 16. Qc2 Ne6 17. Rfd1 Qb6 18. Qf5 Rfd8 19. Rd2 g6 20. Qb1 Ne4 21. Rdd1 Ba6 22. Nf4 Nxf4 23. exf4 Nf6 24. Re1 Bf8 25. Rcd1 Bg7 26. Qc2 Bb7 27. Rd2 d4 28. Nc4 Qc7 29. Bxb7 Qxb7 30. Qd3 Nd5 31. Qf3 Qa6 32. Rc1 Qc6 33. Ba3 Qb5 34. Kg2 h5 35. Rd3 Rc6 36. Nb2 Nb6 37. Nc4 Nd5 38. Re1 Rcc8 39. f5 Kh7 40. fxg6+ fxg6 41. Re6 Qd7 42. Rd6 Qb7 43. Bxc5 Rxd6 44. Nxd6 Qc6 45. Nxc8 Qxc5 46. Qe4 Nf6 47. Qb7 Ng4 48. Rf3 Ne5 49. b4 Qc2 50. Rf8 d3 51. Nd6 d2 52. Rd8 d1=Q 53. Ne8 Qf3+ 54. Qxf3 Nxf3 55. Kxf3 Kh6 56. Nd6 Qxa2 57. h4 Qd5+ 58. Ke2 Qe6+ 59. Kf1 Qe7 60. b5 Kh7 61. Ra8 Qxd6 62. Rxa7 Qd3+ 63. Kg2 Qxb5 64. Rc7 Qd5+ 65. Kg1 Kg8 66. Rc8+ Kf7 67. Rc7+ Kf6 68. Rc3 Kf5 69. Re3 Bd4 70. Re8 Qc5 71. Re2 Kg4 72. Kg2 Qd5+ 73. Kh2 Qf3 74. Ra2 Qxf2+ 75. Kh1 Qg1# 0-1

[Event "Ottawa Winter op"]
[Site "Ottawa CAN"]
[Date "2025.01.17"]
[Round "1.3"]
[White "Ramesan, Raunak Amit"]
[Black "Sambuev, Bator"]
[Result "1-0"]
[WhiteElo "1998"]
[BlackElo "2528"]
[WhiteFideId "-1"]
[WhiteFideId "-1"]
[PlyCount "141"]
[GameId "2136100490871518"]
[EventDate "2025.01.17"]
[EventType "swiss"]
[EventRounds "5"]
[EventCountry "CAN"]

1. e4 e6 2. d4 d5 3. e5 c5 4. c3 Nc6 5. Nf3 Qb6 6. a3 Nh6 7. Bd3 cxd4 8. cxd4 Nf5 9. Bxf5 exf5 10. Nc3 Be6 11. O-O Be7 12. b4 O-O 13. Qd3 Rfc8 14. Bd2 Qd8 15. Rfc1 h6 16. Na4 Qe8 17. Nc5 b6 18. Nb3 Nd8 19. b5 Rc4 20. a4 Rac8 21. Bc3 g5 22. Nbd2 g4 23. Ne1 R4c7 24. Bb2 f4 25. f3 h5 26. Qe2 Bf5 27. Nb3 Ne6 28. Rxc7 Rxc7 29. Rc1 Qc8 30. Qd2 Rxc1 31. Qxc1 Qc4 32. Qxc4 dxc4 33. Na1 Nc7 34. Kf2 Nd5 35. Nac2 f6 36. Ke2 Kf7 37. Kd2 Ke6 38. exf6 Kxf6 39. Ba1 Ke6 40. Bb2 g3 41. h3 Nb4 42. Kc3 Nxc2 43. Nxc2 Kd5 44. Bc1 Bd6 45. Ne1 h4 46. Bd2 Bc8 47. Bc1 a6 48. bxa6 Bxa6 49. Nc2 Bc8 50. Bd2 Bxh3 51. gxh3 g2 52. Be3 fxe3 53. Nxe3+ Kc6 54. Nxg2 b5 55. axb5+ Kxb5 56. Nxh4 Bb4+ 57. Kc2 Kc6 58. Nf5 Kd5 59. h4 Ke6 60. Ne3 Be1 61. Nxc4 Bxh4 62. Ne3 Bg3 63. Kd3 Bd6 64. Ke4 Bb8 65. f4 Bd6 66. f5+ Kf6 67. Ng4+ Kg5 68. Ne5 Bc7 69. Nc4 Bb8 70. d5 Bh2 71. Ne5 1-0

[Event "Ottawa Winter op"]
[Site "Ottawa CAN"]
[Date "2025.01.17"]
[Round "1.4"]
[White "Han, Johnathan"]
[Black "Kellar, Ben"]
[Result "1-0"]
[WhiteElo "2464"]
[BlackElo "1982"]
[WhiteFideId "-1"]
[WhiteFideId "-1"]
[PlyCount "111"]
[GameId "2136100490871517"]
[EventDate "2025.01.17"]
[EventType "swiss"]
[EventRounds "5"]
[EventCountry "CAN"]

1. e4 c5 2. Nf3 g6 3. d4 Bg7 4. dxc5 Qa5+ 5. c3 Qxc5 6. Na3 d6 7. Be3 Qa5 8. Nb5 a6 9. b4 Qd8 10. Nbd4 Nf6 11. Bd3 O-O 12. O-O e5 13. Nb3 Ng4 14. Bg5 Qc7 15. h3 Nf6 16. Rc1 Nc6 17. a3 h6 18. Be3 d5 19. Nfd2 dxe4 20. Nxe4 Rd8 21. Qf3 Nd5 22. Bc4 Nce7 23. Bc5 Be6 24. Bxe7 Qxe7 25. Nec5 b5 26. Nxe6 fxe6 27. Bd3 Qf7 28. Be4 Qxf3 29. Bxf3 Nxc3 30. Rxc3 e4 31. Re3 exf3 32. Rxf3 e5 33. Re1 Rd5 34. Rc3 Rf8 35. Nc5 Rd2 36. Ne4 Ra2 37. Ree3 Ra8 38. Rc6 g5 39. Rb6 Rb2 40. h4 gxh4 41. Rh3 Rf8 42. Rxh4 Rf4 43. g3 Rxh4 44. gxh4 Rb3 45. Rxa6 Rh3 46. Ra5 Rxh4 47. f3 Rf4 48. Kg2 h5 49. Rxb5 h4 50. Ng5 Rf8 51. a4 Rc8 52. a5 Bf6 53. Ne4 Be7 54. a6 Ra8 55. Rb7 Bxb4 56. a7 1-0

[Event "Ottawa Winter op"]
[Site "Ottawa CAN"]
[Date "2025.01.17"]
[Round "1.6"]
[White "Jaferian, Koosha"]
[Black "Hong, Zihan"]
[Result "1-0"]
[WhiteElo "2376"]
[BlackElo "1962"]
[WhiteFideId "-1"]
[WhiteFideId "-1"]
[PlyCount "121"]
[GameId "2136100490871515"]
[EventDate "2025.01.17"]
[EventType "swiss"]
[EventRounds "5"]
[EventCountry "CAN"]

1. d4 d5 2. Nf3 Nf6 3. Bf4 Bf5 4. e3 e6 5. Nbd2 Bd6 6. Ne5 O-O 7. Be2 Ne4 8. g4 Bg6 9. h4 Bxe5 10. dxe5 Nxd2 11. Qxd2 f6 12. h5 Be8 13. h6 g6 14. O-O-O c6 15. exf6 Qxf6 16. g5 Qe7 17. Qc3 Rf7 18. Be5 Nd7 19. f4 Nxe5 20. Qxe5 Bd7 21. Bd3 Re8 22. Rh2 Rf5 23. Bxf5 exf5 24. Qxe7 Rxe7 25. Re2 Kf7 26. b4 Ke6 27. Red2 Kd6 28. Rd3 a6 29. a4 Re4 30. Rb3 b5 31. axb5 cxb5 32. Rd4 Re8 33. Rc3 Bc6 34. Kd2 Rd8 35. Rdd3 Kc7 36. Rc5 Kb6 37. Rdc3 Rd6 38. Kd3 Re6 39. Rxc6+ Rxc6 40. Rxc6+ Kxc6 41. Kd4 a5 42. bxa5 b4 43. a6 Kb6 44. Kxd5 Kxa6 45. e4 fxe4 46. Kxe4 Kb5 47. f5 gxf5+ 48. Kd3 f4 49. g6 hxg6 50. h7 f3 51. h8=Q Kc5 52. Qe5+ Kc6 53. Qf6+ Kd7 54. Qxf3 Kd6 55. Kd4 b3 56. cxb3 Ke6 57. Qd5+ Ke7 58. Ke5 Kf8 59. Kf6 Ke8 60. Qd6 g5 61. Qe7# 1-0

[Event "Ottawa Winter op"]
[Site "Ottawa CAN"]
[Date "2025.01.17"]
[Round "1.7"]
[White "Huang, Justin"]
[Black "Latorre, Vincent"]
[Result "0-1"]
[WhiteElo "1956"]
[BlackElo "2366"]
[WhiteFideId "-1"]
[WhiteFideId "-1"]
[PlyCount "44"]
[GameId "2136100490871514"]
[EventDate "2025.01.17"]
[EventType "swiss"]
[EventRounds "5"]
[EventCountry "CAN"]

1. d4 Nf6 2. c4 g6 3. Nc3 d5 4. cxd5 Nxd5 5. e4 Nxc3 6. bxc3 Bg7 7. Be3 c5 8. Bb5+ Nc6 9. Ne2 cxd4 10. Bxc6+ bxc6 11. cxd4 O-O 12. Rc1 Ba6 13. O-O e5 14. Rxc6 exd4 15. Rxa6 dxe3 16. Qxd8 exf2+ 17. Kxf2 Rfxd8 18. Rb1 Rd7 19. Rb4 Rc8 20. Kf3 Rd3+ 21. Kf4 h5 22. Rxa7 Bh6+ 0-1

[Event "Ottawa Winter op"]
[Site "Ottawa CAN"]
[Date "2025.01.17"]
[Round "1.8"]
[White "Dukic, Zachary"]
[Black "Filion, Samuel"]
[Result "1-0"]
[WhiteElo "2365"]
[BlackElo "1942"]
[WhiteFideId "-1"]
[WhiteFideId "-1"]
[PlyCount "71"]
[GameId "2136100490871516"]
[EventDate "2025.01.17"]
[EventType "swiss"]
[EventRounds "5"]
[EventCountry "CAN"]

1. e4 e6 2. d4 d5 3. Nc3 dxe4 4. Nxe4 Nd7 5. Be3 Ngf6 6. Nxf6+ Nxf6 7. Nf3 Ng4 8. Bf4 c5 9. Qe2 Bd6 10. Bxd6 Qxd6 11. Qb5+ Bd7 12. Qxc5 Qxc5 13. dxc5 Rc8 14. b4 Ke7 15. Bd3 Bc6 16. a4 Bxf3 17. gxf3 Nf6 18. a5 a6 19. Kd2 Rhd8 20. Kc3 Rd7 21. Kb3 Rd4 22. Rad1 g6 23. Be4 Rxd1 24. Rxd1 Rc7 25. Rd6 Nd7 26. f4 Nf6 27. Bf3 Nd7 28. Bg2 h5 29. h4 Kf6 30. c6 bxc6 31. Rxc6 Ra7 32. Be4 Nb8 33. Rc8 Nd7 34. Bd3 Ke7 35. Rc6 Nb8 36. Rb6 1-0

[Event "Ottawa Winter op"]
[Site "Ottawa CAN"]
[Date "2025.01.17"]
[Round "1.9"]
[White "Vu, Huy Minh"]
[Black "Moses, Neil"]
[Result "0-1"]
[WhiteElo "1933"]
[BlackElo "2333"]
[WhiteFideId "-1"]
[WhiteFideId "-1"]
[PlyCount "76"]
[GameId "2136100490834649"]
[EventDate "2025.01.17"]
[EventType "swiss"]
[EventRounds "5"]
[EventCountry "CAN"]

1. d4 d5 2. Nf3 Nf6 3. g3 Bf5 4. Bg2 e6 5. c3 c6 6. Nh4 Bg6 7. a4 Bd6 8. Nxg6 hxg6 9. f3 Rxh2 10. Kf2 Qc7 11. f4 Rxh1 12. Qxh1 Nbd7 13. b4 O-O-O 14. Bf3 g5 15. e3 gxf4 16. gxf4 Rg8 17. Na3 Nf8 18. Nc2 Ng6 19. Qg1 Rh8 20. Ne1 Qe7 21. Nd3 Ne4+ 22. Bxe4 dxe4 23. Ne5 Bxe5 24. fxe5 Qh4+ 25. Ke2 Qh2+ 26. Qf2 Qxf2+ 27. Kxf2 Rh2+ 28. Kg3 Rc2 29. c4 Rxc4 30. Bd2 Rc2 31. Be1 Re2 32. Bf2 Ne7 33. Rf1 Nd5 34. Rh1 f5 35. a5 g5 36. Bg1 f4+ 37. exf4 gxf4+ 38. Kg4 Rg2+ 0-1

[Event "Ottawa Winter op"]
[Site "Ottawa CAN"]
[Date "2025.01.17"]
[Round "1.10"]
[White "Duong, Thanh Nha"]
[Black "Dana, Troy"]
[Result "1-0"]
[WhiteElo "2318"]
[BlackElo "1932"]
[WhiteFideId "-1"]
[WhiteFideId "-1"]
[PlyCount "55"]
[GameId "2136100490834647"]
[EventDate "2025.01.17"]
[EventType "swiss"]
[EventRounds "5"]
[EventCountry "CAN"]

1. d4 Nf6 2. Bf4 g6 3. Nc3 d5 4. e3 a6 5. Nf3 Bg7 6. Ne5 O-O 7. h4 Nbd7 8. Bd3 Nh5 9. Bh2 Nxe5 10. dxe5 f5 11. Be2 f4 12. Bxh5 fxe3 13. Bf3 exf2+ 14. Kxf2 e6 15. Qd4 Qe7 16. Bf4 c5 17. Qd2 Qc7 18. Rae1 Rf5 19. g4 Rf7 20. Kg2 Bd7 21. Rhf1 Bc6 22. Bg3 Qa5 23. Ne4 Qb6 24. Nd6 Rff8 25. c3 Qc7 26. Qg5 Kh8 27. h5 gxh5 28. Qxh5 1-0

[Event "Ottawa Winter op"]
[Site "Ottawa CAN"]
[Date "2025.01.18"]
[Round "2.1"]
[White "Azar, Sebastien"]
[Black "Han, Johnathan"]
[Result "0-1"]
[Annotator "hugh_"]
[WhiteElo "2176"]
[BlackElo "2464"]
[WhiteFideId "-1"]
[WhiteFideId "-1"]
[PlyCount "66"]
[GameId "2136100490871519"]
[EventDate "2025.01.17"]
[EventType "swiss"]
[EventRounds "5"]
[EventCountry "CAN"]

{[%evp 0,66,3,13,24,54,19,46,16,25,14,23,11,8,59,6,7,13,6,14,18,12,5,14,-17,16,41,49,25,3,26,56,75,21,73,2,-22,-49,-41,-40,-4,8,-97,-96,-102,-243,-89,-159,-184,-232,-234,-122,-211,-135,-240,-256,-279,-318,-488,-600,-632,-654,-727,-1115,-1309,-29997,-29998,-29999,-29999]} 1. e4 c5 2. Nf3 d6 3. d4 cxd4 4. Nxd4 Nf6 5. Nc3 a6 6. Bc4 e6 7. a4 Be7 8. O-O O-O 9. Be3 Qc7 10. Qe2 Nc6 11. Nxc6 bxc6 12. a5 d5 13. Bb6 Qb8 14. Bd3 Bd6 15. h3 e5 16. Qf3 Be6 17. Kh1 Qb7 18. g4 Rae8 19. Rg1 Bb4 20. g5 Nd7 21. Na4 f5 22. Qe2 fxe4 23. Bxa6 Qa8 24. Bc7 Rf3 25. Rg3 Ref8 26. Nb6 Qe8 27. Nxd7 Qxd7 28. Rxf3 Rxf3 29. Bxe5 Rxh3+ 30. Kg1 Bg4 31. Qf1 Bf3 32. Bh2 Qg4+ 33. Qg2 Qxg2# 0-1

[Event "Ottawa Winter op"]
[Site "Ottawa CAN"]
[Date "2025.01.18"]
[Round "2.2"]
[White "Xu, Leon"]
[Black "Jaferian, Koosha"]
[Result "0-1"]
[Annotator "hugh_"]
[WhiteElo "2157"]
[BlackElo "2376"]
[WhiteFideId "-1"]
[WhiteFideId "-1"]
[PlyCount "96"]
[GameId "2136100490871520"]
[EventDate "2025.01.17"]
[EventType "swiss"]
[EventRounds "5"]
[EventCountry "CAN"]

{[%evp 0,96,12,30,40,45,26,15,110,20,22,19,23,30,32,29,32,37,51,151,54,57,47,47,40,31,19,25,25,7,67,35,30,37,52,44,75,63,63,-3,4,42,45,90,69,52,68,62,102,94,103,140,99,151,58,138,10,132,55,87,25,9,31,166,1,12,1,-1,71,11,1,22,9,5,-51,-1,1,76,96,-318,-366,-326,-442,-369,-469,-359,-354,-275,-439,-439,-460,-489,-401,-468,-493,-527,-501,-937,-999]} 1. e4 c6 2. d4 d5 3. exd5 cxd5 4. Bd3 Nc6 5. c3 Qc7 6. h3 g6 7. Ne2 Nf6 8. O-O Bf5 9. Bxf5 gxf5 10. Bf4 Qd7 11. Nd2 e6 12. b4 Bd6 13. Bxd6 Qxd6 14. a3 Ne4 15. Nxe4 fxe4 16. Rc1 Ne7 17. c4 dxc4 18. Rxc4 O-O 19. Ng3 f5 20. Qd2 Rad8 21. Qg5+ Ng6 22. Rfc1 Rd7 23. Nh5 Qe7 24. Qh6 Rfd8 25. Rc8 Qf8 26. Qxf8+ Kxf8 27. Rxd8+ Rxd8 28. Rc7 b5 29. Rxa7 Rxd4 30. Kf1 f4 31. Ke2 Rc4 32. Nf6 Rc2+ 33. Ke1 f3 34. gxf3 exf3 35. Nxh7+ Ke8 36. Nf6+ Kd8 37. Rd7+ Kc8 38. Rd3 Nh4 39. Ne4 Re2+ 40. Kf1 Rxe4 41. Kg1 Re5 42. Rd4 Rg5+ 43. Kh1 Ng6 44. Rd3 Ne5 45. Rc3+ Kd7 46. Rc5 Kd6 47. Rxb5 Rg2 48. Rb6+ Kc7 0-1

[Event "Ottawa Winter op"]
[Site "Ottawa CAN"]
[Date "2025.01.18"]
[Round "2.3"]
[White "Latorre, Vincent"]
[Black "Hoekman, Samuel"]
[Result "1/2-1/2"]
[WhiteElo "2366"]
[BlackElo "2128"]
[WhiteFideId "-1"]
[WhiteFideId "-1"]
[PlyCount "55"]
[GameId "2136100490871527"]
[EventDate "2025.01.17"]
[EventType "swiss"]
[EventRounds "5"]
[EventCountry "CAN"]

1. e4 e6 2. d4 d5 3. e5 c5 4. c3 Qb6 5. Nf3 Bd7 6. a3 Nc6 7. b4 cxd4 8. cxd4 Rc8 9. Be3 Nh6 10. Bd3 Ng4 11. Nbd2 Nxe3 12. fxe3 Be7 13. O-O O-O 14. Nb3 Nb8 15. Qe2 a6 16. Nc5 Bb5 17. Bxb5 axb5 18. Nd2 Qc6 19. Rfc1 Nd7 20. Ndb3 Bxc5 21. bxc5 b6 22. Rab1 bxc5 23. Nxc5 Nxc5 24. Rxc5 Qa8 25. Rxc8 Rxc8 26. Qd3 Qa5 27. h3 g6 28. Kh2 1/2-1/2

[Event "Ottawa Winter op"]
[Site "Ottawa CAN"]
[Date "2025.01.18"]
[Round "2.4"]
[White "Rousskikh, Maxim"]
[Black "Dukic, Zachary"]
[Result "0-1"]
[WhiteElo "2137"]
[BlackElo "2365"]
[WhiteFideId "-1"]
[WhiteFideId "-1"]
[PlyCount "44"]
[GameId "2136100490871523"]
[EventDate "2025.01.17"]
[EventType "swiss"]
[EventRounds "5"]
[EventCountry "CAN"]

1. d4 d6 2. e4 Nf6 3. Nc3 e5 4. Nf3 Nbd7 5. Rg1 g6 6. g4 exd4 7. Nxd4 Bg7 8. Be3 O-O 9. g5 Ne8 10. Qd2 c5 11. Nf3 Qe7 12. O-O-O Bxc3 13. Qxc3 Qxe4 14. Bg2 Qa4 15. a3 Nb6 16. Nd2 Be6 17. Bxb7 Rb8 18. Bf3 Nc7 19. Ne4 Nb5 20. Nf6+ Kh8 21. Qd3 c4 22. Qe2 c3 0-1

[Event "Ottawa Winter op"]
[Site "Ottawa CAN"]
[Date "2025.01.18"]
[Round "2.5"]
[White "Moses, Neil"]
[Black "Nassar, Mark"]
[Result "1-0"]
[WhiteElo "2333"]
[BlackElo "2086"]
[WhiteFideId "-1"]
[WhiteFideId "-1"]
[PlyCount "81"]
[GameId "2136100490871528"]
[EventDate "2025.01.17"]
[EventType "swiss"]
[EventRounds "5"]
[EventCountry "CAN"]

1. e4 c5 2. Nf3 e6 3. b3 Nc6 4. Bb2 a6 5. c4 d6 6. d4 cxd4 7. Nxd4 Nf6 8. Nc3 Be7 9. Be2 O-O 10. O-O Bd7 11. Kh1 Qb6 12. Nxc6 Bxc6 13. Qd3 Rfd8 14. Rad1 Qc5 15. a3 b5 16. cxb5 axb5 17. b4 Qb6 18. Qg3 d5 19. exd5 exd5 20. Bd3 Bd6 21. Qh4 Be5 22. f4 Bxc3 23. Bxc3 d4 24. Bb2 Be4 25. Bxe4 Nxe4 26. f5 Nc3 27. Rd3 Rd6 28. Bxc3 dxc3 29. Rxc3 Rad8 30. Rcf3 Rf6 31. Qe4 h6 32. h3 Rd2 33. Rc1 Qd8 34. Rc5 Qb8 35. Rf1 Ra6 36. Qg4 Rxa3 37. f6 Qg3 38. Rc8+ Kh7 39. Qe4+ g6 40. Rh8+ Kxh8 41. Qe8+ 1-0

[Event "Ottawa Winter op"]
[Site "Ottawa CAN"]
[Date "2025.01.18"]
[Round "2.6"]
[White "Pelev, Iassen"]
[Black "Duong, Thanh Nha"]
[Result "0-1"]
[WhiteElo "2110"]
[BlackElo "2318"]
[WhiteFideId "-1"]
[WhiteFideId "-1"]
[PlyCount "38"]
[GameId "2136100490871521"]
[EventDate "2025.01.17"]
[EventType "swiss"]
[EventRounds "5"]
[EventCountry "CAN"]

1. e4 e5 2. Nf3 Nf6 3. Nxe5 d6 4. Nf3 Nxe4 5. d4 d5 6. Bd3 Bd6 7. O-O O-O 8. Re1 Bf5 9. c4 c6 10. Qc2 Na6 11. a3 Bg6 12. Ne5 Bxe5 13. dxe5 Nac5 14. Bf1 Ng3 15. Qc3 Nxf1 16. Rxf1 dxc4 17. Qxc4 Bd3 18. Qxc5 Bxf1 19. Kxf1 Qd1# 0-1

[Event "Ottawa Winter op"]
[Site "Ottawa CAN"]
[Date "2025.01.18"]
[Round "2.7"]
[White "Bahmani, Amir Mohammad"]
[Black "Ramesan, Raunak Amit"]
[Result "1-0"]
[WhiteElo "2286"]
[BlackElo "1998"]
[WhiteFideId "-1"]
[WhiteFideId "-1"]
[PlyCount "63"]
[GameId "2136100490871522"]
[EventDate "2025.01.17"]
[EventType "swiss"]
[EventRounds "5"]
[EventCountry "CAN"]

1. e4 e5 2. Nf3 Nc6 3. Bc4 Bc5 4. d3 Nf6 5. Nc3 a6 6. Be3 Bxe3 7. fxe3 d6 8. d4 Bg4 9. Qd2 Bxf3 10. gxf3 Qd7 11. Rg1 g6 12. O-O-O O-O-O 13. Qe2 Qe7 14. Bxa6 bxa6 15. Qxa6+ Kd7 16. d5 Nb8 17. Qa4+ c6 18. dxc6+ Nxc6 19. Nd5 Qe6 20. Rd3 Rb8 21. Rc3 Rhc8 22. Rxc6 Rxc6 23. Qa7+ Ke8 24. Qxb8+ Rc8 25. Nxf6+ Kf8 26. Qb7 Kg7 27. Nd5 Rc5 28. Qe7 Qh3 29. Qf6+ Kh6 30. Ne7 Rxc2+ 31. Kxc2 Qxh2+ 32. Kb3 1-0

[Event "Ottawa Winter op"]
[Site "Ottawa CAN"]
[Date "2025.01.18"]
[Round "2.8"]
[White "Latreille, Etienne"]
[Black "Lalonde, Olivier"]
[Result "1-0"]
[WhiteElo "2075"]
[BlackElo "2276"]
[WhiteFideId "-1"]
[WhiteFideId "-1"]
[PlyCount "75"]
[GameId "2136100490871529"]
[EventDate "2025.01.17"]
[EventType "swiss"]
[EventRounds "5"]
[EventCountry "CAN"]

1. e4 c5 2. Nf3 e6 3. g3 Nc6 4. Bg2 g6 5. O-O Bg7 6. c3 e5 7. Re1 Nge7 8. Na3 d6 9. h3 O-O 10. d3 h6 11. Rb1 Be6 12. b4 cxb4 13. cxb4 Bxa2 14. Rb2 Be6 15. b5 Na5 16. Bd2 Rc8 17. Qa4 b6 18. Bxa5 bxa5 19. Nc4 Bxc4 20. dxc4 f5 21. Nd2 Qb6 22. Ra2 fxe4 23. Nxe4 Nf5 24. Qxa5 Rxc4 25. Qxb6 axb6 26. Ra6 Nd4 27. Rxb6 d5 28. Nf6+ Rxf6 29. Bxd5+ Kf8 30. Rb8+ Ke7 31. Rb7+ Kf8 32. Bxc4 Nf3+ 33. Kf1 Nd2+ 34. Ke2 Nxc4 35. Ra1 Kg8 36. Ra6 Nd6 37. Rd7 Bf8 38. b6 1-0

[Event "Ottawa Winter op"]
[Site "Ottawa CAN"]
[Date "2025.01.18"]
[Round "2.9"]
[White "Saha, Ananda"]
[Black "Lattafi, Youcef"]
[Result "1/2-1/2"]
[WhiteElo "2217"]
[BlackElo "1982"]
[WhiteFideId "-1"]
[WhiteFideId "-1"]
[PlyCount "111"]
[GameId "2136100490871530"]
[EventDate "2025.01.17"]
[EventType "swiss"]
[EventRounds "5"]
[EventCountry "CAN"]

1. e4 c5 2. Nf3 d6 3. d4 cxd4 4. Qxd4 Nc6 5. Qe3 g6 6. Be2 Bg7 7. h3 Nf6 8. O-O O-O 9. c4 a5 10. Nc3 a4 11. a3 Nd7 12. Rd1 Nc5 13. Rb1 f5 14. exf5 Bxf5 15. Ra1 Nb3 16. Ra2 Kh8 17. Bd3 Bxd3 18. Qxd3 Nxc1 19. Rxc1 Ne5 20. Nxe5 Bxe5 21. Nd5 e6 22. Ne3 Qb6 23. Rd1 Qb3 24. Qxb3 axb3 25. Raa1 Bxb2 26. Rab1 Bxa3 27. Rxb3 Bc5 28. Rd2 b6 29. Re2 Kg7 30. Rb1 Rf4 31. Kh2 h5 32. f3 Kf7 33. Rbe1 Ra3 34. Nf1 e5 35. Nd2 Rd4 36. Ne4 Bb4 37. Rb1 Rxc4 38. Reb2 Ra4 39. Rd1 Ke7 40. Rb3 Ra2 41. Rdb1 Ba5 42. Rd3 Rcc2 43. Rxd6 Rxg2+ 44. Kh1 Rh2+ 45. Kg1 Bc3 46. Nxc3 Rag2+ 47. Kf1 Kxd6 48. Rxb6+ Kc5 49. Re6 Rf2+ 50. Kg1 Rfg2+ 51. Kf1 Kd4 52. Nb5+ Kd5 53. Nc7+ Kd4 54. Nb5+ Kd5 55. Nc7+ Kd4 56. Nb5+ 1/2-1/2

[Event "Ottawa Winter op"]
[Site "Ottawa CAN"]
[Date "2025.01.18"]
[Round "2.10"]
[White "Wesley, Russell"]
[Black "Joseph, Jonath"]
[Result "1/2-1/2"]
[WhiteElo "1999"]
[BlackElo "2190"]
[WhiteFideId "-1"]
[WhiteFideId "-1"]
[PlyCount "175"]
[GameId "2136100490871531"]
[EventDate "2025.01.17"]
[EventType "swiss"]
[EventRounds "5"]
[EventCountry "CAN"]

1. e4 e5 2. Nf3 Nc6 3. d4 exd4 4. Nxd4 Nf6 5. Nxc6 bxc6 6. e5 Qe7 7. Qe2 Nd5 8. h4 f6 9. exf6 Qxe2+ 10. Bxe2 Nxf6 11. O-O Bc5 12. Nd2 O-O 13. Nb3 Bb6 14. Bf3 Ba6 15. Rd1 Rae8 16. Nd4 c5 17. Nf5 Be2 18. Rd2 Bxf3 19. gxf3 Re1+ 20. Kg2 Nh5 21. Ng3 Nxg3 22. fxg3 c4 23. Rxd7 Rg1+ 24. Kh2 Rxf3 25. Rxc7 Bxc7 26. Kxg1 Bb6+ 27. Kg2 Rf2+ 28. Kh3 Rxc2 29. Bf4 Rxb2 30. Rc1 Rb4 31. Be5 Bd8 32. Rf1 Rb5 33. Bd4 Bb6 34. Bc3 Ba5 35. Bd4 Bd2 36. Rf3 Rd5 37. Bb2 Rc5 38. Bd4 Rc8 39. Bc3 Bxc3 40. Rxc3 Kf7 41. Kg4 Ke6 42. Kf4 Kd5 43. Ke3 Re8+ 44. Kd2 Kd4 45. Rf3 c3+ 46. Kc2 Re2+ 47. Kb1 Rb2+ 48. Kc1 Rb7 49. Kc2 Rb2+ 50. Kc1 Rxa2 51. Rf7 a5 52. Rxg7 Rg2 53. Rxh7 Rxg3 54. Ra7 Kd3 55. Rd7+ Kc4 56. Rc7+ Kb3 57. Rb7+ Kc4 58. Rc7+ Kd4 59. Rd7+ Kc5 60. Kc2 Rh3 61. Rc7+ Kb4 62. Rb7+ Ka3 63. Rb3+ Ka2 64. Rxc3 Rxh4 65. Rc8 a4 66. Ra8 a3 67. Rb8 Rc4+ 68. Kd2 Rg4 69. Kc2 Rg2+ 70. Kc1 Rb2 71. Ra8 Rb7 72. Kc2 Rc7+ 73. Kd2 Rc6 74. Ra7 Kb2 75. Rb7+ Ka1 76. Kd1 Rc5 77. Kd2 Rg5 78. Kc2 Rg2+ 79. Kc1 Ka2 80. Rb8 Rb2 81. Ra8 Rb7 82. Kc2 Rc7+ 83. Kd2 Kb2 84. Rb8+ Ka1 85. Rb6 Rc8 86. Rb7 Rc6 87. Rb8 Rc4 88. Rb7 1/2-1/2